Licenzionnaja torgovlja v sisteme meždunarodnych ekonomičeskich otnošenij

Salvato in:
Dettagli Bibliografici
Natura: Libro
Lingua:russo
Pubblicazione: Kijev Naukova dumka 1987
Edizione:1. izd.
Tags: Aggiungi Tag
Nessun Tag, puoi essere il primo ad aggiungerne!!

MARC

LEADER 00000nam a2200000 4500
001 c022559
005 20221219133109.0
041 0 |a rus 
044 |a UA 
245 1 0 |a Licenzionnaja torgovlja v sisteme meždunarodnych ekonomičeskich otnošenij 
250 |a 1. izd. 
264 1 |a Kijev  |b Naukova dumka  |c 1987 
300 |a 190 s.